Popularne albumy rap/trap tygodnia 19-25.03 - Statystyki

Ogólne statystyki
  • Ten quiz został rozwiązany 9 razy
  • Średni wynik to 11 z 15
Statystyki odpowiedzi
Wykonawca Data Wydania Album % Poprawnych
SB Maffija 8 czerwca 2020 Hotel Maffija
89%
Bedoes & Lanek 29 listopada 2019 Opowieści z Doliny Smoków
89%
Bedoes & Lanek 15 stycznia 2021 Rewolucja Romantyczna
89%
Mata 17 stycznia 2020 100 dni do matury
78%
Białas 5 sierpnia 2020 H8M5
78%
Guzior 4 grudnia 2020 PLEŚŃ
78%
Kizo 23 października 2020 Posejdon
78%
White 2115 31 sierpnia 2020 Rockstar
78%
White 2115 28 sierpnia 2020 Rockstar: Do Zachodu Słońca
78%
Quebonafide 1 kwietnia 2020 Romantic Psycho
78%
Szpaku 21 stycznia 2021 Różowa Pantera
78%
Żabson 1 lutego 2021 Ziomalski Mixtape
78%
chillwagon 22 grudnia 2020 Chillwagon 2.0
67%
Kabe 20 listopada 2020 Mowgli
67%
Sobel 25 czerwca 2020 Kontrast
33%
Nie znaleziono quizów pasujących do podanych kryteriów
Rozkład punktacji
Procent ludzi z każdym wynikiem
Percentyl według liczby udzielonych odpowiedzi
Twoja historia wyników
Nie rozwiązałeś tego quizu